Caméléon-Maitre Gims - Statistiques

Statistiques générales
  • Ce quiz a été pris 137 fois
  • Le résultat moyen est 200 sur 261
Statistiques - réponses
Réponse % Correct
de
99%
Je
98%
je
98%
tu
98%
à
95%
a
95%
dis
95%
se
95%
des
94%
un
93%
et
92%
Et
92%
le
92%
par
91%
t'ai
91%
ça
90%
ce
90%
comme
90%
moi
90%
senti
90%
toi
90%
caméléon
89%
mais
87%
me
87%
j'ai
86%
la
86%
les
86%
t'aime
85%
que
84%
On
83%
on
83%
partir
83%
pas
83%
ne
82%
pris
82%
non
80%
ces
79%
devants
79%
nous
79%
oui
79%
promis
79%
une
79%
disais
78%
laissé
78%
malgré
78%
Malgré
78%
s'est
78%
aimant
77%
du
77%
m'attires
77%
Okay
77%
okay
77%
sentiments
77%
tout
77%
tomber
76%
va
76%
peu
75%
c'est
72%
histoire
71%
sais
71%
n'est
70%
veux
70%
y'a
69%
passé
68%
question
68%
qu'une
68%
au
67%
comment
67%
dans
67%
derrière
67%
entre
67%
news
67%
années
66%
pendant
66%
qui
66%
quand
64%
t'en
63%
toute
63%
j'donne
62%
temps
61%
voulais
61%
vous
60%
comprendre
59%
fini
59%
gouffre
57%
plus
57%
bord
56%
fou
55%
rien
55%
eu
53%
finir
53%
rendez
53%
rendre
53%
dire
52%
s'était
51%
trancher
51%
d'essayer
49%
vivre
49%
peine
48%
dernière
47%
d'insister
47%
doute
47%
stop
47%
quoi
46%
Toujours
46%
toujours
46%
trop
46%
n'veux
45%
penses
45%
Qu'est-ce
45%
s'accrocher
45%
compliqué
44%
danse
44%
mots
44%
rejeter
44%
vide
44%
faute
43%
regardes
43%
savoir
43%
tort
43%
Accorde
41%
flouze
41%
j'peux
41%
avec
40%
jouer
39%
n'était
38%
déguises
30%
t'aies
24%
Aucun quiz correspondant
Distribution des résultats
% des personnes avec chaque résultat
Percentile par nombre de réponses
Votre historique - résultats
Vous n’avez pas pris ce quiz